SOLVE IT LIKE SHERLOCK (Record no. 3885)
[ view plain ]
| 000 -LEADER | |
|---|---|
| fixed length control field | 00648nam a22001457a 4500 |
| 020 ## - INTERNATIONAL STANDARD BOOK NUMBER | |
| ISBN | 978-1-7824-3983-7 |
| 082 ## - DEWEY DECIMAL CLASSIFICATION NUMBER | |
| Classification number | 823 |
| Item number | ROS/S |
| 100 ## - MAIN ENTRY--AUTHOR NAME | |
| Personal name | ROSS, STEWART |
| 245 ## - TITLE STATEMENT | |
| Title | SOLVE IT LIKE SHERLOCK |
| 260 ## - PUBLICATION, DISTRIBUTION, ETC. (IMPRINT) | |
| Place of publication | LONDON |
| Name of publisher | MICHAEL O'MARA BOOKS LIMITED |
| Year of publication | 2018 |
| 300 ## - PHYSICAL DESCRIPTION | |
| Number of Pages | 251 |
| 520 ## - SUMMARY, ETC. | |
| Summary, etc | The premise of the book Solve It Like Sherlock: Test Your Powers Of Reasoning Against Those Of The World's Most Famous Detective is that you try and solve the case using deduction and logic like Sherlock would. You are not rushing against time here, you are only rushing against how long your interest will last. |
| 650 ## - SUBJECT ADDED ENTRY--TOPICAL TERM | |
| Topical Term | NOVEL |
| Geographic subdivision | UNITED KINGDOM |
| 942 ## - ADDED ENTRY ELEMENTS (KOHA) | |
| Koha item type | Books |
| Withdrawn status | Lost status | Collection code | Home library | Current library | Shelving location | Date acquired | Source of acquisition | Cost, normal purchase price | Full call number | Accession Number | Koha item type |
|---|---|---|---|---|---|---|---|---|---|---|---|
| Fiction | Main Library | Main Library | SHELF-14-K- ALPHABETICAL- R --ENGLISH NOVELS & FICTIONS | 19/10/2018 | purchase | 299.00 | 823 ROS/S | 10324 | Books |